The foundations of behavioral economic analysis / (Record no. 27020)

MARC details
000 -LEADER
fixed length control field 01641cam a22003495i 4500
001 - CONTROL NUMBER
control field 18874939
003 - CONTROL NUMBER IDENTIFIER
control field EG-ScBUE
005 - DATE AND TIME OF LATEST TRANSACTION
control field 20250702150019.0
008 - FIXED-LENGTH DATA ELEMENTS--GENERAL INFORMATION
fixed length control field 151130s2016 enka f b 001 0 eng d
020 ## - INTERNATIONAL STANDARD BOOK NUMBER
International Standard Book Number 9780198715535
035 ## - SYSTEM CONTROL NUMBER
System control number (OCoLC)ocn965538720
040 ## - CATALOGING SOURCE
Original cataloging agency EUE
Language of cataloging eng
Description conventions rda
Transcribing agency EUE
Modifying agency YDXCP
-- BDX
-- BTCTA
-- LTU
-- CHVBK
-- NLE
-- OCLCA
-- LML
-- OCLCF
-- OKX
-- MYG
-- NRC
-- GZM
-- DLC
-- EG-ScBUE
082 04 - DEWEY DECIMAL CLASSIFICATION NUMBER
Classification number 330.019
Item number DHA
Edition number 22
100 1# - MAIN ENTRY--PERSONAL NAME
Personal name Dhami, Sanjit S.,
Relator term author.
9 (RLIN) 41948
245 14 - TITLE STATEMENT
Title The foundations of behavioral economic analysis /
Statement of responsibility, etc Sanjit Dhami.
250 ## - EDITION STATEMENT
Edition statement First edition.
264 #1 - PUBLICATION, DISTRIBUTION, ETC. (IMPRINT)
Place of publication, distribution, etc Oxford :
Name of publisher, distributor, etc Oxford University Press,
Date of publication, distribution, etc 2016.
300 ## - PHYSICAL DESCRIPTION
Extent xxxiii, 1764 pages :
Other physical details illustrations ;
Dimensions 25 cm
336 ## - CONTENT TYPE
Source rdacontent
Content type term text
Content type code txt
337 ## - MEDIA TYPE
Source rdamedia
Media type term unmediated
Media type code n
338 ## - CARRIER TYPE
Source rdacarrier
Carrier type term volume
Carrier type code nc
504 ## - BIBLIOGRAPHY, ETC. NOTE
Bibliography, etc Includes bibliographical references and indexes.
505 0# - FORMATTED CONTENTS NOTE
Formatted contents note Behavioral economics of risk, uncertainty, and ambiguity -- Other-regarding preferences -- Behavioral time discounting -- Behavioral game theory -- Behavioral models of learning -- Emotions -- Bounded rationality -- Behavioral welfare economics -- Neuroeconomics.
520 ## - SUMMARY, ETC.
Summary, etc This is the first definitive introduction to behavioral economics aimed at advanced undergraduate and postgraduate students. Authoritative, cutting edge, yet accessible, it guides the reader through.
650 #7 - SUBJECT ADDED ENTRY--TOPICAL TERM
Topical term or geographic name as entry element Economics
General subdivision Psychological aspects.
Source of heading or term BUEsh
650 #7 - SUBJECT ADDED ENTRY--TOPICAL TERM
Topical term or geographic name as entry element Economics
General subdivision Sociological aspects.
Source of heading or term BUEsh
9 (RLIN) 22975
650 #7 - SUBJECT ADDED ENTRY--TOPICAL TERM
Topical term or geographic name as entry element Economics
General subdivision Methodology.
Source of heading or term BUEsh
651 ## - SUBJECT ADDED ENTRY--GEOGRAPHIC NAME
Source of heading or term BUEsh
653 ## - INDEX TERM--UNCONTROLLED
Resource For college Engineering, General
Arrived date list November2018
655 ## - INDEX TERM--GENRE/FORM
Form subdivision Reading book
942 ## - ADDED ENTRY ELEMENTS (KOHA)
Source of classification or shelving scheme Dewey Decimal Classification
Koha item type Book - Borrowing
Holdings
Withdrawn status Lost status Source of classification or shelving scheme Damaged status Not for loan Collection code Home library Current library Shelving location Date acquired Source of acquisition Cost, normal purchase price Total Checkouts Full call number Barcode Date last seen Koha item type Total Renewals Date checked out Serial Enumeration / chronology Checked out Cost, replacement price Price effective from
    Dewey Decimal Classification     Baccah Central Library Central Library First floor 21/11/2018 Purchase 850.00   330.019 DHA 000044013 15/07/2025 NB - Book (Non borrowing)            
    Dewey Decimal Classification     Baccah Central Library Central Library First floor 21/11/2018 Purchase 850.00 3 330.019 DHA 000044014 25/09/2024 Book - Borrowing 6 21/11/2022        
    Dewey Decimal Classification     Baccah Central Library Central Library First floor 21/11/2018 Purchase 850.00 2 330.019 DHA 000044015 15/07/2025 Book - Borrowing 28 15/04/2021        
    Dewey Decimal Classification     Baccah Central Library Central Library First floor 02/07/2025 Purchase 3476.00 1 330.019 DHA 000057369 07/07/2025 Book - Borrowing   07/07/2025 39356 20/09/2025 4345.00 02/07/2025